000 00286nam a22001337a 4500
008 170925b xxu||||| |||| 00| 0 eng d
020 _a9780737716054
041 _aeng
080 _a37
100 _a46
101 _aEDU
245 _aBILINGUAL EDUCATION
_cMEDINA,L
942 _2udc
_cBK
999 _c29543
_d29543